Statistics for Η Ελλάδα με εικόνες

Click here to take the quiz!

General Stats

  • This quiz has been taken 461 times
  • The average score is 16 of 20

Answer Stats

Answer% Correct
Κρήτη
98%
Γύρος
97%
Παρθενώνας
96%
Ωμέγα
94%
Θεσσαλονίκη
93%
Φέτα
91%
Ούζο/Τσίπουρο
89%
Σπανακόπιτα
88%
Ελιά
87%
Αιγαίο Πέλαγος
86%
Πελοπόννησος
82%
Αφροδίτη της Μήλου
78%
Μέγας Αλέξανδρος
71%
Απόλλωνας
67%
Οδυσσέας
67%
Σωκράτης
67%
Κρι κρι
67%
Βενιζέλος
66%
Βαλκάνια
61%
Βυζαντινή Αυτοκρατορία
59%

Score Distribution

Percentile by Number Answered

Percent of People with Each Score

Your Score History

You have not taken this quiz